[Event "Nizhnij Novgorod-ch"]
[Site "Nizhnij Novgorod"]
[Date "2014.??.??"]
[Round "8"]
[White "Fedorenko, Viktor A"]
[Black "Marsak, Viktor D"]
[Result "0-1"]
[WhiteElo "1913"]
[BlackElo "1965"]
[PlyCount "54"]
[EventDate "2014.03.??"]
[EventType "swiss"]
[EventRounds "9"]
[EventCountry "RUS"]
[SourceTitle "EXT 2016"]
[Source "ChessBase"]
[SourceDate "2015.10.08"]
[SourceVersion "1"]
[SourceVersionDate "2015.10.08"]
[SourceQuality "1"]

1. e4 e5 2. Nc3 Nc6 3. a3 Nf6 4. Bc4 Nxe4 5. Bxf7+ Kxf7 6. Nxe4 d5 7. Qf3+ Ke8 8. Ng3 e4 9. Qb3 h5 10. N1e2 h4 11. Nf1 Bc5 12. d3 h3 13. g3 Bg4 14. Ne3 Bxe2 15. Qxd5 Bxe3 16. Qxe4+ Qe7 17. Qg6+ Qf7 18. Qe4+ Kd7 19. Bxe3 Bf3 20. Qa4 Bxh1 21. 0-0-0 Bf3 22. Rd2 Rae8 23. Kb1 Kc8 24. b4 Qf6 25. b5 Qc3 26. Qf4 Rhf8 27. Qg5 Re5 0-1

[Event "Nizhnij Novgorod-ch"]
[Site "Nizhnij Novgorod"]
[Date "2014.??.??"]
[Round "1"]
[White "Kuznetcov, Aleksander"]
[Black "Marsak, Viktor D"]
[Result "0-1"]
[WhiteElo "2030"]
[BlackElo "1965"]
[PlyCount "110"]
[EventDate "2014.03.??"]
[EventType "swiss"]
[EventRounds "9"]
[EventCountry "RUS"]
[SourceTitle "EXT 2016"]
[Source "ChessBase"]
[SourceDate "2015.10.08"]
[SourceVersion "1"]
[SourceVersionDate "2015.10.08"]
[SourceQuality "1"]

1. e4 e5 2. f4 d5 3. exd5 c6 4. dxc6 Nxc6 5. Nf3 exf4 6. d4 Bd6 7. Bc4 Nf6 8. 0-0 0-0 9. c3 Bg4 10. Qc2 Rc8 11. Nbd2 a6 12. Bd3 Nb4 13. Qb1 Nxd3 14. Qxd3 Re8 15. Nc4 Bb8 16. Bd2 b5 17. Na3 Qd7 18. Rfe1 Bf5 19. Qf1 Ne4 20. Rad1 Nxd2 21. Nxd2 Qd5 22. Rxe8+ Rxe8 23. Re1 Be4 24. Nxe4 Rxe4 25. Nb1 Re3 26. Nd2 Qxa2 27. Qf2 Qe6 28. Nf3 Qe4 29. h3 f6 30. Qd2 Rxe1+ 31. Qxe1 Qe3+ 32. Kf1 Kf7 33. Qb1 a5 34. Qc2 a4 35. Qe2 Qxe2+ 36. Kxe2 Ke6 37. Kd3 Kd5 38. Nd2 g5 39. Ne4 Ke6 40. Ke2 Kf5 41. Kf3 h5 42. Nf2 Bd6 43. Nd3 g4+ 44. hxg4+ hxg4+ 45. Ke2 Ke6 46. Nf2 f5 47. Kd3 Kd5 48. Nd1 Be7 49. Ke2 Bh4 50. Nf2 Bxf2 51. Kxf2 b4 52. cxb4 Kxd4 53. Ke2 Kc4 54. b5 Kxb5 55. Kd3 Kb4 0-1

[Event "Nizhnij Novgorod Region-ch"]
[Site "Nizhnij Novgorod"]
[Date "2012.10.09"]
[Round "?"]
[White "Marsak, Viktor D"]
[Black "Vlasova, Ekaterina"]
[Result "1-0"]
[WhiteElo "1939"]
[BlackElo "1857"]
[PlyCount "81"]
[EventDate "2012.10.06"]
[EventType "swiss"]
[EventRounds "9"]
[EventCountry "RUS"]
[SourceTitle "EXT 2022"]
[Source "ChessBase"]
[SourceDate "2021.10.06"]
[SourceVersion "1"]
[SourceVersionDate "2021.10.06"]
[SourceQuality "1"]

1. e4 e6 2. d4 d5 3. Nc3 Nf6 4. Bg5 Be7 5. e5 Nfd7 6. h4 a6 7. Qg4 g6 8. Nf3 c5 9. dxc5 Nc6 10. Qg3 Nxc5 11. 0-0-0 b5 12. Bd3 Qa5 13. Bxe7 Nxe7 14. Kb1 Bd7 15. Qg5 b4 16. Ne2 Bb5 17. Ned4 Qb6 18. Qf6 Rf8 19. h5 Bxd3 20. cxd3 a5 21. Rh4 Qa6 22. Ng5 Nf5 23. Nxf5 exf5 24. Qxa6 Rxa6 25. Nxh7 Rh8 26. Nf6+ Rxf6 27. exf6 Kd7 28. h6 Ke6 29. d4 Nd7 30. Rc1 Nxf6 31. Rc6+ Ke7 32. Ra6 Ne4 33. f3 Nd2+ 34. Kc1 Nc4 35. b3 Ne3 36. g3 Rc8+ 37. Kb1 Nd1 38. h7 Nc3+ 39. Kc2 Rh8 40. Rxa5 Kf6 41. a4 1-0

[Event "Nizhnij Novgorod Cup of Nadezhda"]
[Site "Nizhnij Novgorod"]
[Date "2011.08.08"]
[Round "?"]
[White "Marsak, Viktor D"]
[Black "Markelova, Lubov"]
[Result "1-0"]
[WhiteElo "2002"]
[BlackElo "2074"]
[PlyCount "93"]
[EventDate "2011.08.08"]
[EventType "swiss"]
[EventRounds "8"]
[EventCountry "RUS"]
[SourceTitle "EXT 2022"]
[Source "ChessBase"]
[SourceDate "2021.10.06"]
[SourceVersion "1"]
[SourceVersionDate "2021.10.06"]
[SourceQuality "1"]

1. e4 c5 2. Nf3 Nc6 3. d4 cxd4 4. Nxd4 Qb6 5. Nb3 Nf6 6. Nc3 e6 7. Be3 Qc7 8. Bd3 a6 9. Qe2 b5 10. 0-0-0 Ne5 11. Kb1 Nc4 12. Bc1 Be7 13. g4 d6 14. g5 Nd7 15. f4 Ndb6 16. a3 Rb8 17. f5 Na4 18. Nxa4 Nxa3+ 19. Ka2 bxa4 20. bxa3 axb3+ 21. cxb3 Qb6 22. Bc4 Bd7 23. Be3 Qa5 24. Qb2 Bf8 25. Bd2 Qb6 26. Bc3 Bb5 27. Qe2 Bxc4 28. Qxc4 Qb5 29. Qxb5+ Rxb5 30. Rhf1 Rg8 31. h4 h6 32. Bb4 exf5 33. exf5 Kd7 34. Rf4 hxg5 35. hxg5 a5 36. Bc3 Rh8 37. Rd2 Rh5 38. Rg2 Rh3 39. Kb2 d5 40. Ra4 Rf3 41. f6 gxf6 42. gxf6 Ke6 43. Re2+ Kf5 44. Re5+ Kg6 45. Rg4+ Kh7 46. Rh5+ Bh6 47. Rg7+ 1-0

[Event "Nizhnij Novgorod Voroniatov Memorial 7t"]
[Site "Nizhnij Novgorod"]
[Date "2010.05.09"]
[Round "8"]
[White "Marsak, Viktor D"]
[Black "Gavrilov, Nikolay S"]
[Result "1-0"]
[WhiteElo "2018"]
[BlackElo "2074"]
[PlyCount "43"]
[EventDate "2010.05.02"]
[EventType "swiss"]
[EventRounds "8"]
[EventCountry "RUS"]
[SourceTitle "CBM 136 Extra"]
[Source "ChessBase"]
[SourceDate "2010.07.02"]
[SourceVersion "2"]
[SourceVersionDate "2010.07.15"]
[SourceQuality "1"]

1. Nf3 Nf6 2. Nc3 d5 3. g3 Bf5 4. Bg2 c6 5. e3 Nbd7 6. d3 e6 7. 0-0 Bg6 8. Re1 Bb4 9. Bd2 Qe7 10. a3 Bd6 11. e4 Bh5 12. h3 dxe4 13. dxe4 Ne5 14. g4 Bg6 15. Nxe5 Bxe5 16. f4 Bd4+ 17. Kf1 h6 18. f5 Bh7 19. Qf3 0-0-0 20. b4 e5 21. Rab1 Nd7 22. b5 1-0

[Event "Nizhnij Novgorod Voroniatov Memorial 7t"]
[Site "Nizhnij Novgorod"]
[Date "2010.05.07"]
[Round "6"]
[White "Marsak, Viktor D"]
[Black "Gorozhanin, Mikhail"]
[Result "0-1"]
[WhiteElo "2018"]
[BlackElo "1940"]
[PlyCount "42"]
[EventDate "2010.05.02"]
[EventType "swiss"]
[EventRounds "8"]
[EventCountry "RUS"]
[SourceTitle "CBM 136 Extra"]
[Source "ChessBase"]
[SourceDate "2010.07.02"]
[SourceVersion "2"]
[SourceVersionDate "2010.07.15"]
[SourceQuality "1"]

1. d4 Nf6 2. c4 c5 3. d5 b5 4. cxb5 a6 5. Nc3 axb5 6. e4 b4 7. Nb5 d6 8. Bf4 g6 9. Nf3 Bg7 10. Bc4 0-0 11. Qe2 Nbd7 12. a4 Nb6 13. Bb3 Bg4 14. 0-0 Nfd7 15. a5 Nc8 16. a6 Qb6 17. Bc4 Be5 18. Bh6 Bg7 19. Bxg7 Kxg7 20. b3 Ne5 21. h3 Nxf3+ 0-1

[Event "Nizhnij Novgorod Chunakov Memorial 10th"]
[Site "Nizhnij Novgorod"]
[Date "2010.02.26"]
[Round "7"]
[White "Marsak, Viktor D"]
[Black "Khrustov, Alexander"]
[Result "1-0"]
[WhiteElo "2018"]
[BlackElo "1730"]
[PlyCount "25"]
[EventDate "2010.02.20"]
[EventType "swiss"]
[EventRounds "9"]
[EventCountry "RUS"]
[SourceTitle "EXT 2022"]
[Source "ChessBase"]
[SourceDate "2021.10.06"]
[SourceVersion "1"]
[SourceVersionDate "2021.10.06"]
[SourceQuality "1"]

1. e4 c5 2. Nf3 Nc6 3. d4 cxd4 4. Nxd4 e5 5. Nf3 g6 6. Bc4 Nf6 7. Ng5 b5 8. Bxf7+ Ke7 9. Bd5 Nxd5 10. Qxd5 Qc7 11. Nf7 Bb7 12. Nxh8 Nd8 13. Bg5+ 1-0

[Event "Nizhnij Novgorod Chunakov Memorial 10th"]
[Site "Nizhnij Novgorod"]
[Date "2010.02.21"]
[Round "?"]
[White "Aleshin, Vladimir"]
[Black "Marsak, Viktor D"]
[Result "0-1"]
[WhiteElo "1871"]
[BlackElo "2018"]
[PlyCount "76"]
[EventDate "2010.02.20"]
[EventType "swiss"]
[EventRounds "9"]
[EventCountry "RUS"]
[SourceTitle "EXT 2022"]
[Source "ChessBase"]
[SourceDate "2021.10.06"]
[SourceVersion "1"]
[SourceVersionDate "2021.10.06"]
[SourceQuality "1"]

1. e4 c5 2. Nf3 Nc6 3. d4 cxd4 4. Nxd4 Nf6 5. Nc3 g6 6. Bc4 Bg7 7. 0-0 0-0 8. Be3 Nxe4 9. Nxe4 d5 10. Nxc6 bxc6 11. Bd3 dxe4 12. Bxe4 Qc7 13. Qc1 Rb8 14. Rb1 f5 15. Bf3 e5 16. Bh6 e4 17. Bxg7 Kxg7 18. Be2 Be6 19. b3 Qe5 20. Rd1 f4 21. Bf1 Rbd8 22. Qa3 Qc7 23. Qc5 Rf5 24. Qc3+ Kf7 25. Rxd8 Qxd8 26. Qxc6 Qd4 27. Re1 e3 28. Qf3 Qc3 29. Qe2 Re5 30. Rd1 Bd5 31. f3 Be6 32. Qd3 Rc5 33. Qxc3 Rxc3 34. Bd3 Kf6 35. Kf1 Bf5 36. Bxf5 Kxf5 37. Rc1 Ke5 38. Ke2 g5 0-1

[Event "Nizhnij Novgorod Dubinin Memorial 16th"]
[Site "Nizhnij Novgorod"]
[Date "2009.01.09"]
[Round "7"]
[White "Marsak, Viktor D"]
[Black "Budruev, Mikhail"]
[Result "1-0"]
[WhiteElo "2043"]
[BlackElo "1783"]
[PlyCount "35"]
[EventDate "2009.01.03"]
[EventType "swiss"]
[EventRounds "9"]
[EventCountry "RUS"]
[SourceTitle "EXT 2010"]
[Source "ChessBase"]
[SourceDate "2010.11.25"]
[SourceVersion "1"]
[SourceVersionDate "2010.11.25"]
[SourceQuality "1"]

1. Nf3 Nf6 2. Nc3 d5 3. g3 c6 4. d3 Bg4 5. Bg2 Nbd7 6. 0-0 e5 7. e4 dxe4 8. dxe4 Bc5 9. h3 Bh5 10. Qe2 0-0 11. Bg5 Qc7 12. Rad1 h6 13. Bc1 Rfd8 14. g4 Bg6 15. Nh4 Nf8 16. Qf3 Bd4 17. Nf5 Ne6 18. Nxh6+ 1-0